Diáspora Europea - Top 11 Países - Estadísticas

Estadísticas generales
  • Esta prueba ha sido intentada 6.264 veces
  • La puntuación promedio es 10 de 11
Estadísticas de respuestas
# % País % Correcto
235 M 72.4 Estados Unidos
99%
37 M 85 Argentina
98%
21 M 16.5 México
97%
100 M 47.7 Brasil
95%
28 M 76.7 Canadá
94%
18 M 37 Colombia
93%
9.6 M 52.7 Chile
90%
13 M 42.2 Venezuela
86%
22 M 90 Australia
83%
7.3 M 64.1 Cuba
65%
4.9 M 8.9 Sudáfrica
58%
No se encontraron pruebas coincidentes
Distribución de puntuación
Porcentaje de gente con cada puntuación
Porcentaje por número respondido
Historial de tus puntuaciones
No has intentado esta prueba.